المذاهب الإسلامية الخمسة والمذهب الموحد / (رقم التسجيلة. 98284)

تفاصيل مارك
000 -الفاتح
عناصر البيانات ثابتة الطول 00672cam a2200181 i 4500
005 - تاريخ ووقت آخر معاملة
حقل ضبط 20251216093630.0
008 - عناصر البيانات ثابتة الطول
عناصر البيانات ثابتة الطول 250721s1995 le gr 000 0 ara d
082 14 - رقم تصنيف ديوي العشري
رقم التصنيف 217
رقم المادة س و ي
100 1# - مدخل رئيسي – اسم شخصي
الاسم الشخصي سويد، محمد
علاقة الشخص بالعمل/ دوره مؤلف.
245 12 - بيان العنوان
العنوان المذاهب الإسلامية الخمسة والمذهب الموحد /
بيان المسؤولية القاضي محمد سويد.
250 ## - بيان الطبعة
بيان الطبعة الطبعة الأولى.
264 31 - بيانات النشر، التوزيع…إلخ
مكان النشر، التوزيع...إلخ بيروت :
اسم الناشر، الموزع...إلخ دار التقريب بين المذاهب الإسلامية،
تاريخ النشر، التوزيع...إلخ 1995.
300 ## - الوصف المادي
عدد الوحدات المكونة للوعاء 322 صفحة.
650 17 - مدخل إضافي بالموضوع - مصطلح موضوعي
مصطلح موضوعي أو اسم جغرافي كعنصر مدخل المذاهب الإسلامية.
650 17 - مدخل إضافي بالموضوع - مصطلح موضوعي
مصطلح موضوعي أو اسم جغرافي كعنصر مدخل الفقه الإسلامي.
942 ## - بيانات إضافية (كوها)
نوع التنصيف Dewey Decimal Classification
نوع المادة (كوها) كتب
المقتنيات
حالة السحب حالة الفقدان مصدر التصنيف حالة التلف غير قابل للإعارة المكتبة الرئيسية المكتبة الحالية موقع الرف تاريخ التزويد الرقم المتسلسل Total Checkouts رقم الإستدعاء الباركود تاريخ آخر ظهور تاريخ الفاتورة نوع المادة (كوها)
    Dewey Decimal Classification     المكتبة المركزية المكتبة المركزية الإعارة 28/07/2025 1002514   217 / س و ي 1002514 28/07/2025 28/07/2025 كتب
Implemented & Customized by: BBB with SCIT (Smart Chains for Information Technology)

Powered by Koha